|
|
|
|
| LEADER |
02293nam a2200409 a 4500 |
| 001 |
14700719 |
| 008 |
120222r20102008maua b 001 0 eng |
| 010 |
|
|
|a 2007002136
|
| 020 |
|
|
|a 9780070667020
|
| 020 |
|
|
|a 9780073530628 (standard edition : alk. paper)
|
| 020 |
|
|
|a 007353062X (standard edition : alk. paper)
|
| 020 |
|
|
|a 9780073282114 (alternate edition : alk. paper)
|
| 020 |
|
|
|a 0073282111 (alternate edition : alk. paper)
|
| 020 |
|
|
|a 9780073282121 (annotated instructor's edition : alk. paper)
|
| 020 |
|
|
|a 007328212X (annotated instructor's edition : alk. paper)
|
| 040 |
|
|
|a DLC
|c DLC
|d DLC
|d BD-DhAAL
|
| 050 |
0 |
0 |
|a HG4026
|b .R677 2008
|
| 082 |
0 |
0 |
|a 658.15
|2 22
|
| 100 |
1 |
|
|a Ross, Stephen A.
|
| 245 |
1 |
0 |
|a Fundamentals of corporate finance /
|c Stephen A. Ross, Randolph W. Westerfield, Bradford D. Jordan.
|
| 250 |
|
|
|a 8th ed.
|
| 260 |
|
|
|a Boston ;
|a New Delhi :
|b Tata McGraw-Hill/Irwin,
|c c2008 [reprinted 2010].
|
| 300 |
|
|
|a 1 v. (various pagings) :
|b col. ill. ;
|c 25 cm.
|
| 490 |
0 |
|
|a The McGraw-Hill/Irwin series in finance, insurance and real estate
|
| 504 |
|
|
|a Includes bibliographical references and indexes.
|
| 541 |
|
|
|e 00024570
|
| 650 |
|
0 |
|a Corporations
|x Finance.
|
| 700 |
1 |
|
|a Westerfield, Randolph.
|
| 700 |
1 |
|
|a Jordan, Bradford D.
|
| 852 |
1 |
|
|a Ayesha Abed Library
|c General shelf.
|
| 942 |
0 |
0 |
|0 6
|
| 999 |
|
|
|c 11907
|d 11907
|
| 952 |
|
|
|0 0
|1 0
|2 ddc
|4 0
|6 658_150000000000000_ROS
|7 0
|9 19465
|a BRACUL
|b BRACUL
|c GEN
|d 2012-02-20
|e Devlopment Book Agency
|g 1203.00
|l 19
|m 184
|o 658.15 ROS
|p 3010024570
|r 2018-05-03
|s 2018-01-15
|t 1
|w 2012-02-22
|y BK
|
| 952 |
|
|
|0 0
|1 0
|2 ddc
|4 0
|6 658_150000000000000_ROS
|7 0
|9 19466
|a BRACUL
|b BRACUL
|c GEN
|d 2012-02-20
|l 21
|m 197
|o 658.15 ROS
|p 3010024571
|r 2025-06-29
|s 2025-02-17
|t 2
|w 2012-02-22
|y BK
|
| 952 |
|
|
|0 0
|1 0
|2 ddc
|4 0
|6 658_150000000000000_ROS
|7 0
|9 19467
|a BRACUL
|b BRACUL
|c GEN
|d 2012-02-20
|l 20
|m 227
|o 658.15 ROS
|p 3010024572
|r 2019-09-11
|s 2019-06-26
|t 3
|w 2012-02-22
|y BK
|
| 952 |
|
|
|0 0
|1 0
|2 ddc
|4 0
|6 658_150000000000000_ROS
|7 0
|9 19468
|a BRACUL
|b BRACUL
|c GEN
|d 2012-02-20
|l 22
|m 162
|o 658.15 ROS
|p 3010024573
|r 2024-02-06
|s 2024-02-03
|t 4
|w 2012-02-22
|y BK
|
| 952 |
|
|
|0 0
|1 0
|2 ddc
|4 0
|6 658_150000000000000_ROS
|7 0
|9 19469
|a BRACUL
|b BRACUL
|c GEN
|d 2012-02-20
|e Devlopment Book Agency
|g 1203.00
|l 22
|m 154
|o 658.15 ROS
|p 3010024574
|r 2024-11-27
|s 2024-11-21
|t 5
|w 2012-02-22
|y BK
|